000 01317cad a22002535a 4500
001 L152217
008 120720s2012 000 0 eng u
022 1 _a0264-6188
035 _a(Sirsi) u152217
041 0 _aeng
050 0 4 _a691.0212 $2 18
110 1 _aUnited Kingdom
_bDepartment for Business, Innovation and Skills
_95760
245 0 0 _aMonthly statistics of building materials and components
_h[electronic resource]
260 _aLondon
_bBIS
_c2012
520 _aTables of construction material price indices, materials annual averages, production, deliveries and stocks for materials, comparison of imports and exports, value of overseas trade in selected materials and components for constructional use. June 2012, No. 448
590 _aKA NTK
651 4 _aUnited Kingdom
_y
690 _aConstruction management
_96230
690 _aCost management
_96233
710 1 _aUnited Kingdom
_bOffice of National Statistics
_92035
856 4 0 _uhttps://www.bis.gov.uk/assets/biscore/statistics/docs/c/12-313f-construction-building-materials-bulletin-june-2012.pdf
_zView the latest report free of charge at stats.bis.gov.uk
856 4 0 _uhttps://www.bis.gov.uk/analysis/statistics/construction-statistics/building-materials
_zView all the reports free of charge at http://stats.bis.gov.uk
942 _n0
999 _c111923
_d111923